Нравственные основания земельного права (на примере рационального использования и охраны земель сельскохозяйственного назначения)
В монографии представлено системное изложение проблемы нравственных оснований в земельном праве, обосновывающее высокое место нравственности на примере рационального использования и охраны земель сельскохозяйственного назначения. Показано, что одним из серьезных недостатков действующего земельного з...
Guardado en:
| Autor principal: | |
|---|---|
| Otros Autores: | , |
| Formato: | Книга |
| Lenguaje: | Russian |
| Publicado: |
Грозный
КНИИ РАН
2022
|
| Acceso en línea: | https://e.lanbook.com/book/320864 https://e.lanbook.com/img/cover/book/320864.jpg |
| Etiquetas: |
Agregar Etiqueta
Sin Etiquetas, Sea el primero en etiquetar este registro!
|
| LEADER | 03638nam0a2200289 i 4500 | ||
|---|---|---|---|
| 001 | 320864 | ||
| 003 | RuSpLAN | ||
| 005 | 20240216150941.0 | ||
| 008 | 240216s2022 ru gs 000 0 rus | ||
| 040 | |a RuSpLAN | ||
| 041 | 0 | |a rus | |
| 044 | |a ru | ||
| 080 | |a 349.4:316 | ||
| 084 | |a 67.407.1+60.56 |2 rubbk | ||
| 245 | 0 | 0 | |a Нравственные основания земельного права (на примере рационального использования и охраны земель сельскохозяйственного назначения) |c Ибрагимов К. Х.,Зубкаева Ф. К.,Ибрагимов А. К. |
| 260 | |a Грозный |b КНИИ РАН |c 2022 | ||
| 300 | |a 152 с. | ||
| 504 | |a Библиогр.: доступна в карточке книги, на сайте ЭБС Лань | ||
| 520 | 8 | |a В монографии представлено системное изложение проблемы нравственных оснований в земельном праве, обосновывающее высокое место нравственности на примере рационального использования и охраны земель сельскохозяйственного назначения. Показано, что одним из серьезных недостатков действующего земельного законодательства России является то, что среди критериев, ограничивающих ненадлежащее использование земель правообладателями земельных участков, отсутствует такая мерка как поземельная нравственность. Аргументировано: поскольку оба социальных феномена – поземельная нравственность и земельное право имеют одни и те же главные цели - поддержание в государстве земельного правопорядка и обеспечение единых стандартов поземельного поведения граждан, постольку они должны неотъемлемо тесно взаимодействовать друг с другом. Обосновано мнение, что допуск к использованию земли в сельском хозяйстве лиц, не имеющих специальных земледельческих сельскохозяйственных знаний, является безнравственным. Издание рассчитано на научных работников, студентов, аспирантов и преподавателей юридических и неюридических вузов, государственных служащих публичных органов власти и на всех, кто интересуется нравственными вопросами, касающимся использования и охраны земельного фонда страны. | |
| 521 | 8 | |a Книга из коллекции КНИИ РАН - Право. Юридические науки | |
| 521 | 8 | |a СЭБ | |
| 100 | 1 | |a Ибрагимов К. Х. | |
| 700 | 1 | |a Зубкаева Ф. К. | |
| 700 | 1 | |a Ибрагимов А. К. | |
| 856 | 4 | |u https://e.lanbook.com/book/320864 | |
| 856 | 4 | 8 | |u https://e.lanbook.com/img/cover/book/320864.jpg |
| 953 | |a https://e.lanbook.com/img/cover/book/320864.jpg | ||